000
00261pam a2200121 a 4500
020
_c
041
_a
eng
100
_a
Asquith Marget.
245
_a
Autobiography
_h
Textual Documents
260
_a
New York
_b
Penguin Books Ltd
300
_a
253p.
930
_a
15231
999
_c
92131
_d
92131